| 000 | 00586nam a2200205Ia 4500 | ||
|---|---|---|---|
| 005 | 20250508152055.0 | ||
| 008 | 008 250505s9999 xx 000 0 eng d | ||
| 037 | _aTextual | ||
| 040 |
_aFEDL _beng _cFEDL |
||
| 041 |
_aeng _2eng |
||
| 084 |
_a301.1532, IND _qFEDL |
||
| 245 | 0 | _aLeadership and groups in a South Indian village | |
| 245 | 0 | _cGovernment of India | |
| 260 | _c1955 | ||
| 300 | _aii,146p. | ||
| 546 | _aPlanning Commission Programme Evaluation Organisation | ||
| 650 | _aSociology | ||
| 942 |
_cTEXL _h301.1532, IND |
||
| 999 |
_c1334087 _d1334087 |
||